Enclaves et exclaves - Statistiques

Statistiques générales
  • Ce quiz a été pris 63 fois
  • Le résultat moyen est 5 sur 20
Statistiques - réponses
Questions Réponses % Correct
Pays africain dont l'étroit accès à la mer crée l'exclave de Cabinda. République Démocratique du Congo
67%
Pays dont la principale exclave lui offre une courte frontière avec la Turquie. Azerbaïdjan
57%
Exclave peuplée de plusieurs centaines de macaques de barbarie, seule population sauvage de singe d'Europe. Gibraltar
49%
Enclave dont l'équipe nationale de football a remporté sa plus large victoire contre le Liechtenstein en 2004 (1-0). Saint Marin
49%
Enclave africaine méridionale, montagneuse, possédant sa station de ski. Lesotho
45%
Oblast exclavée, territoire le plus occidental de son pays. Kaliningrad
39%
Les îles malawites de Chizumulu et Likoma dans le lac _____ sont enclavées dans les eaux territoriales du Mozambique. Malawi
37%
Enclave historique, coupée du monde, mais résistant aux pénuries de vivres grâce à des ravitaillements venus du ciel. Berlin Ouest
33%
Oman borde ce détroit grâce à son exclave : la péninsule de Moussandam. Ormuz
27%
Le Land de Berlin est enclavé dans celui ci. Land de Brandebourg
24%
Madha est un territoire omanais enclavé dans les Émirats Arabes Unis et qui a la particularité de posséder une ______. Enclave
18%
Commune espagnole enclavée en France. Llivía
16%
Ville néerlandaise possédant sept enclaves au sein de la commune belge qu'elle enclave en vingt deux parties. Baerle Nassau
14%
Pays d'Asie dont l'exclave représente 20% de sa superficie. Brunei
12%
Pays enclavé possédant un des taux de criminalité le plus élevé au monde. Il possède aussi la consommation de vin par habitant la plus élevée au monde. Malgré ses statistiques il attire de nombreux touristes. Vatican
12%
Lac italo-suisse bordé par le village de Campione d'Italia, enclave italienne en Suisse. Lac de Lugano
10%
Commune quasi-enclavé d'Autriche, Jungholz n'est relié au reste du pays que par un point, quel est il ? Sommet du Sorgschrofen
10%
Jusqu'en 2015, les chhitmahals (miettes de terre) étaient un ensemble d'environ deux cents enclaves disséminées le long de la frontière entre ces deux pays. Inde et Bangladesh
8%
Cours d'eau majeur d'Asie traversant la vallée de Ferghana, où se mélangent Kirghizistan, Tadjikistan et Ouzbékistan, créant de multiples enclaves. Syr Daria
8%
Exclave séparée du continent par un étroit banc de sable, infiltrée en 2012 par des militants marocains. Peñón de Vélez de la Gomera
0%
Aucun quiz correspondant
Distribution des résultats
% des personnes avec chaque résultat
Percentile par nombre de réponses
Votre historique - résultats
Vous n’avez pas pris ce quiz